[Event "IND-ch Challengers (Women) 43rd"]
[Site "Chennai"]
[Date "2016.06.23"]
[Round "9"]
[White "Pranjali, Sharma"]
[Black "Pallavi"]
[Result "0-1"]
[WhiteElo "1048"]
[BlackElo "1657"]
[PlyCount "62"]
[EventDate "2016.06.17"]
[EventType "swiss"]
[EventRounds "11"]
[EventCountry "IND"]
[SourceTitle "CBM 173 Extra"]
[Source "ChessBase"]
[SourceDate "2016.08.29"]
[SourceVersion "1"]
[SourceVersionDate "2016.08.29"]
[SourceQuality "1"]

1. e4 c5 2. Nf3 d6 3. Nc3 Nf6 4. Bc4 e6 5. d3 a6 6. 0-0 Be7 7. Ne2 Qc7 8. c3 b5 9. Bb3 Bb7 10. Bc2 Nbd7 11. Ng3 Rc8 12. a4 0-0 13. b4 cxb4 14. cxb4 Qxc2 15. axb5 Qxd1 16. Rxd1 axb5 17. Bg5 h6 18. Bxf6 Bxf6 19. Ra7 Rc7 20. d4 Rfc8 21. h3 Nb6 22. Ra5 Bc6 23. Rc1 Nc4 24. Ra2 Be7 25. Rb1 g6 26. Ne1 Bh4 27. Re2 Bxg3 28. fxg3 Bxe4 29. Rc1 d5 30. Nc2 Na3 31. Nxa3 Rxc1+ 0-1

[Event "IND-ch Challengers (Women) 43rd"]
[Site "Chennai"]
[Date "2016.06.18"]
[Round "3"]
[White "Radha, Kumari Vemparala"]
[Black "Pranjali, Sharma"]
[Result "1/2-1/2"]
[WhiteElo "1279"]
[BlackElo "1048"]
[PlyCount "91"]
[EventDate "2016.06.17"]
[EventType "swiss"]
[EventRounds "11"]
[EventCountry "IND"]
[SourceTitle "CBM 173 Extra"]
[Source "ChessBase"]
[SourceDate "2016.08.29"]
[SourceVersion "1"]
[SourceVersionDate "2016.08.29"]
[SourceQuality "1"]

1. Nf3 Nc6 2. d4 d5 3. e3 Nf6 4. Bd3 e6 5. Nbd2 Bd6 6. e4 dxe4 7. Nxe4 Be7 8. c3 Nxe4 9. Bxe4 Bd7 10. 0-0 0-0 11. Bc2 f5 12. Re1 Bf6 13. Bb3 Qc8 14. Qd3 Kh8 15. Bg5 a5 16. Bxf6 gxf6 17. Nh4 Rg8 18. Qe3 Rg4 19. Qh6 Qg8 20. Qxf6+ Qg7 21. Qxg7+ Kxg7 22. Nf3 Re8 23. Ne5 Nxe5 24. Rxe5 a4 25. Bc2 Bc6 26. g3 h5 27. Rae1 Kf7 28. Bd1 Be4 29. Bxg4 hxg4 30. Ra5 Bc6 31. Rae5 Be4 32. b3 axb3 33. axb3 Ra8 34. Rc1 c6 35. b4 b5 36. Re1 Ra3 37. Rc5 Ra4 38. Re5 Ra3 39. Rc1 Ra4 40. Kf1 Ke7 41. Ke2 Kd6 42. Ke3 Ra2 43. Rc5 Rb2 44. Re1 Bd5 45. Ra1 Bf3 46. Re1 1/2-1/2